Capitals With the Most Capitals - Statistics

General Stats
  • This quiz has been taken 7 times
  • The average score is 17 of 30
Answer Stats
Capitals Capital % Correct
3 Bandar SeriBegawan
80%
2 Panama City
80%
2 Port-au-Prince
80%
2 Port Louis
80%
2 Port Moresby
80%
2 Port-of-Spain
80%
2 San José
80%
2 Santo Domingo
80%
2 Andorra la Vella
60%
2 Buenos Aires
60%
2 Ciudad de la Paz
60%
2 Kuala Lumpur
60%
2 La Paz
60%
2 Mexico City
60%
2 Phnom Penh
60%
2 Port Vila
60%
2 South Tarawa
60%
3 SriJayawardenepura Kotte
60%
2 Addis Ababa
40%
2 Cape Town
40%
2 Kuwait City
40%
2 New Delhi
40%
2 Saint George's
40%
2 Saint John's
40%
2 São Tomé
40%
2 Vatican City
40%
3 Washington D.C.
40%
2 Guatemala City
20%
2 N'Djamena
20%
2 Porto-Novo
20%
No matching quizzes found
Score Distribution
Percent of People with Each Score
Percentile by Number Answered
Your Score History
You have not taken this quiz